00922 a2200181 45000010006000000050017000060080041000230030015000640400040000790800061001192450041001802640051002213000018002725050406002900410008006961000018007047000018007224036020260407155657.0260407a1958 arg spa dAR-UNSa-BCEJYS aAR-UNSa-BCEJYSbspacAR-UNSa-BCEJYS a283/289xIglesias católicas no romanas. Protestantismo10aEl protestantismo y el mundo moderno 1aMéxico :bFondo de Cultura Económicac1958 a108 p.c17 p. a1. Notas sobre el libro y el autor - 2. Nota del autor - 3. Uno de los conceptos históricos generales ...... - 4. Tampoco el protestanismo deja de ser un concepto histórico .... - 5. Si las cosas son así, resulta obvio ... - 6. La primea circusntancia y que mayormente se destaca es que el protestantismo ... - 7. Hemos perseguido hasta ahora las influencia del protestsnismo en la familia ...-  aspa1 aTroeltsch, E.1 aImaz, Eugenio